000
00207 a2200097 4500
001
4687
100
_a
Soweby,A.L.M
245
_a
Dictionary of photography the
260
_a
_b
Iliffe
_c
090
_c
3879
_d
3879
942
_a
NUST-CAE
_c
M
_c
30132
999
_c
239760
_d
239760